The wishsong of Shannara /

Bibliographic Details
Main Author: Brooks, Terry
Format: Book
Language:English
Published: New York : Ballantine Books, [1985]
Edition:1st ed.

MARC

Tag First Indicator Second Indicator Subfields
LEADER 00000cam a2200000 a 4500
001 in00000034271
005 20151007060638.0
008 841010s1985 nyua 00011 eng
010 |a  84024185  
020 |a 0345318234 :  |c $11.95 
035 |a (OCoLC)11316592 
035 |9 AAC1351AM 
040 |a DLC  |c DLC  |d m/c  |d TXA  |d UtOrBLW 
049 |a TXAS  |c [A09880048] 
050 0 0 |a PS3552.R6596  |b W5 1985 
100 1 |a Brooks, Terry. 
245 1 4 |a The wishsong of Shannara /  |c Terry Brooks ; illustrated by Darrell K. Sweet. 
250 |a 1st ed. 
264 1 |a New York :  |b Ballantine Books,  |c [1985] 
264 4 |c ©1985 
300 |a 499 pages :  |b illustrations ;  |c 22 cm. 
336 |a text  |b txt  |2 rdacontent 
337 |a unmediated  |b n  |2 rdamedia 
338 |a volume  |b nc  |2 rdacarrier 
500 |a Sequel to: The elfstones of Shannara, completing the Shannara trilogy. 
500 |a "A Del Rey Book." 
999 |a MARS 
999 f f |s 93b7a1f0-f9b5-3df1-95e1-007f27b0f911  |i 08a2783a-1ef5-3819-ace5-0ad1321148d4  |t 0 
952 f f |p normal  |a Texas A&M University  |b College Station  |c Sterling C. Evans Library  |s Evans stk  |d Evans: Library Stacks  |t 0  |e PS3552.R6596 W5 1985  |h Library of Congress classification  |i unmediated -- volume  |m A14831354617 
998 f f |a PS3552.R6596 W5 1985  |t 0  |l Evans: Library Stacks